000 00906cas a2200337 a 4500
001 11409935
005 20180824142623.0
008 921022c19919999ii ar p eng
010 _a 92906118
025 _aI-E-E-6597
035 _a(OCoLC)ocm26834260
040 _aDLC
_cDLC
_dICRL
_dNIC
042 _alc
043 _aa-ii---
050 _aDS401
_b.I27696
130 _aIndia today (Annual)
245 _aIndia today.
246 _aToday
250 _aSpecial ed.
260 _aNew Delhi :
_bLiving Media India Ltd.,
_c1992-
300 _av. :
_bill. ;
_c28 cm.
310 _aweekly
350 _aRs55.00
500 _aTitle from cover.
500 _aGeneral.
590 _aSERBIB/SERLOC merged record
651 _aIndia
_xPeriodicals.
906 _a7
_bcbc
_cserials
_d3
_encip
_f19
_gn-oclcserc
942 _2ddc
_cSR
_h050
_mIND
_s1
999 _c24120
_d24120